000 00826namaa2200289 a 4500
001 vtls001304783
003 NLI
005 20210627043918.0
008 120418s1979 dcu i000 0 eng
039 9 _y201204181934
_zVLOAD
040 0 _aNLI
_cVTLS-2012_FOD
_eAACR2
041 0 _aeng
044 _adcu
082 0 4 _a331.125
110 1 _aUnited States.
_bDepartment of Labor
_9707174
245 1 0 _aEmployment and Earnings
260 _aWashington, D.C. :
_bUnited States Department of Labor,
_c1979
300 _aVarious pagings ;
_c30 cm.
500 _aCover title
650 0 _aEmployment (Economic theory
_9724576
650 0 _aIncome
_9708340
887 _a
901 _aAD 144564
_b11.10.2010
902 _aU.S 331.125 Un 3 e
949 _AVIRTUAITEM
_D10000
_X100
_6ADX000144564ENG
942 _2ddc
_cBKS
999 _c596454
_d596454